Statistics for All You Had To Do Was Stay - Taylor Swift Lyrics

Click here to take the quiz!

General Stats

  • This quiz has been taken 796 times
  • The average score is 323 of 352

Answer Stats

Answer% Correct
you
100%
had
99%
i
99%
to
99%
all
98%
do
98%
me
98%
stay
98%
was
98%
the
97%
and
96%
when
96%
in
95%
of
95%
your
95%
go
93%
hand
93%
it
92%
palm
92%
want
92%
back
91%
let
91%
now
90%
say
90%
have
89%
like
89%
lock
89%
out
88%
then
88%
hey
87%
love
87%
that
87%
always
86%
but
86%
people
86%
they
86%
away
85%
is
85%
know
85%
too
85%
it's
84%
why'd
84%
been
83%
gave
83%
what
83%
late
82%
easy
81%
just
81%
you've
81%
believe
80%
could've
80%
oh
80%
are
79%
changed
79%
not
79%
off
79%
this
79%
us
79%
wanted
79%
about
78%
more
78%
think
78%
up
78%
less
77%
road
77%
wanna
77%
were
76%
don't
75%
drove
75%
aside
74%
gone
74%
goodbye
74%
pushed
74%
forever
73%
well
72%
made
70%
i've
69%
mess
69%
calling
66%
picking
66%
pieces
66%
here
65%
remind
64%
ended
62%

Score Distribution

Percentile by Number Answered

Percent of People with Each Score

Your Score History

You have not taken this quiz